LEADER 01234nam a2200253 u 4500 001 000000052250 003 CaOOAMICUS 005 20070226115428.0 008 001012s1954 fr u000 u fre u 035 $a10858011 040 $aPUL(R)$bita 100 1 $aMontesquieu, Charles de Secondat,$cbaron de,$d1689-1755.$0(OLS)http://pul/name/2856 245 10$aConsidérations sur les causes de la grandeur des Romains et de leur décadence /$cMontesquieu ; avec le dialogue de Sylla er d'Eucrate, Lisimaque ; dissertation sur la politique des ronains ... par Gonzague Truc. 260 $aParis :$bEditions Garnier Frères,$c1954. 300 $axvi, 220 p. ;$c22 cm 504 $aNote bibliografiche. 651 4$aRoma.$0(OLS)http://pul/subject/8022 700 1 $aTruc, Gonzague,$d1877-$0(OLS)http://pul/name/20473 850 $aPUL 852 $aPUL$W1$xDP1 Fondo Ciprotti$y59$m1545 E 24$j69103$nBK-PRI$b $qFondi$B69103$CPULBib$Z2$F69103 $H $81 941 1 $a1 961 $aINV: Fondo Ciprotti 996 $6245$aConsidérations sur les causes de la grandeur des Romains et de leur décadence$9(OLS)http://pul/title/70090 996 $6260$aParis :$bEditions Garnier Frères$9(OLS)http://pul/publisher/68240 LEADER 00990nam a2200241 u 4500 001 000000085701 003 CaOOAMICUS 005 20070226124220.0 008 050905s1925 au u000 u lat u 035 $a11058909 040 $aPUL(R)$bita 100 1 $aGatterer, Michaele,$cS.I.$0(OLS)http://pul/name/56221 245 10$aAnnus liturgicus cum introductione in disciplinam liturgicam /$cauctore Michaele Gatterer. 250 $aEditio quarta emendata. 260 $aOeniponte :$bF. Rauch,$c1925. 300 $axvi, 420 p. ;$c17 cm 504 $aBibliografia in nota. 650 4$aAnno liturgico.$0(OLS)http://pul/subject/12025 850 $aPUL 852 $aPUL$W1$xDP1 Fondo Cecchetti$y53$m284 C 27$j108863$nBK-PRI$b $qFondi$B108863$CPULBib$Z2$F108863 $HPUL5979 $81 941 1 $a1 996 $6245$aAnnus liturgicus cum introductione in disciplinam liturgicam$9(OLS)http://pul/title/111169 996 $6260$aOeniponte :$bF. Rauch$9(OLS)http://pul/publisher/51422